| 000 | 00834nam a2200253Ia 4500 | ||
|---|---|---|---|
| 003 | OSt | ||
| 005 | 20221005104527.0 | ||
| 006 | a|||||r|||| 00| 0 | ||
| 007 | ta | ||
| 008 | 221004b |||||||| |||| 00| 0 hin d | ||
| 024 | _a31895 | ||
| 037 | _cTextual | ||
| 040 |
_aCRL _cCRL _bhin |
||
| 041 |
_2hin _ahin |
||
| 082 | _aO152,3N31x, M8 | ||
| 100 | _aवर्मा, निर्मल | ||
| 245 | 0 | _aप्रतिनिधि कहानियॉं | |
| 246 | _aPratinidhi kahāniyaॉan | ||
| 260 |
_aदिल्ली _bराजकमल प्रकाशन प्रा. लि. भारत _c1988 |
||
| 300 |
_a180पृ. _ccm. |
||
| 650 | _aहिन्दी कहानी | ||
| 942 |
_hO152,3N31x, M8 _cTEXL _2cc |
||
| 999 |
_c1012990 _d1012990 |
||